000 00552nam a2200217Ia 4500
005 20250425161823.0
008 250425s9999 xx 000 0 und d
041 _aspa
082 _a332.678
245 0 _aLA PREINVERSION EN EL ECUADOR: CARACTERISITICAS, FINANCIAMIENTO Y LA CONSULTORIA
250 _a1A ED.
260 _aEcuador
_bS.E.
_c1989
260 _aGUAYAQUIL
300 _a50
650 _aCONSULTORIA
650 _aFINANCIAMIENTO
650 _aINVERSIONES
650 _aINVERSIONES EXTRANJERAS
942 _c01
010 _a30996
999 _c216763
_d216763